000 00688nam a22001937a 4500
005 20160722111421.0
010 _aENG-115492
020 _a9789385493164
_c285.00
035 _aEN-99024
037 _bDBAD/PUB
082 _a000
245 _aRathore practice papers for IBPS probationary officers prelim cum main recruitment examination 2015 /
_cedited by Kunwar Ishwar Singh Rathore
250 _aed. 2016
260 _aDelhi
_bRathore Publishers & Distributors
_c2015
270 _a202,2nd Floor, 4832/24,Ansari Road, Daryaganj
_bDelhi
_e110002
_k01145795251
300 _a459p.
_c24cm(pbk)
700 _dKunwar Ishwar Singh Rathore
942 _2ddc
_cEN
_h000
_mRAT
999 _c101367
_d101367